Information technology encyclopedia and acronyms / (Record no. 11854)

MARC details
000 -LEADER
fixed length control field 01175cam a22002774a 4500
001 - CONTROL NUMBER
control field 12701330
005 - DATE AND TIME OF LATEST TRANSACTION
control field 20080307114825.0
008 - FIXED-LENGTH DATA ELEMENTS--GENERAL INFORMATION
fixed length control field 020312s2002 gw ab b e 001 0 eng
010 ## - LIBRARY OF CONGRESS CONTROL NUMBER
LC control number 2002020914
020 ## - INTERNATIONAL STANDARD BOOK NUMBER
International Standard Book Number 3540417931 (alk. paper)
040 ## - CATALOGING SOURCE
Original cataloging agency DLC
Transcribing agency DLC
Modifying agency DLC
042 ## - AUTHENTICATION CODE
Authentication code pcc
050 00 - LIBRARY OF CONGRESS CALL NUMBER
Classification number T58.5
Item number .K33 2002
082 00 - DEWEY DECIMAL CLASSIFICATION NUMBER
Classification number 004.03
Edition number 21
Item number KAJ
100 1# - MAIN ENTRY--PERSONAL NAME
Personal name Kajan, Ejub,
Dates associated with a name 1953-
9 (RLIN) 6261
245 10 - TITLE STATEMENT
Title Information technology encyclopedia and acronyms /
Statement of responsibility, etc Ejub Kajan.
260 ## - PUBLICATION, DISTRIBUTION, ETC. (IMPRINT)
Place of publication, distribution, etc Berlin ;
-- New York :
Name of publisher, distributor, etc Springer,
Date of publication, distribution, etc c2002.
300 ## - PHYSICAL DESCRIPTION
Extent xvii, 684 p. :
Other physical details col. ill., col. map ;
Dimensions 24 cm.
504 ## - BIBLIOGRAPHY, ETC. NOTE
Bibliography, etc Includes bibliographical references (p. 613-621) and index.
650 #0 - SUBJECT ADDED ENTRY--TOPICAL TERM
Topical term or geographic name as entry element Information technology
Form subdivision Encyclopedias.
9 (RLIN) 6262
650 #0 - SUBJECT ADDED ENTRY--TOPICAL TERM
Topical term or geographic name as entry element Information technology
Form subdivision Acronyms.
9 (RLIN) 6263
856 42 - ELECTRONIC LOCATION AND ACCESS
Materials specified Publisher description
Uniform Resource Identifier <a href="http://www.loc.gov/catdir/enhancements/fy0816/2002020914-d.html">http://www.loc.gov/catdir/enhancements/fy0816/2002020914-d.html</a>
942 ## - ADDED ENTRY ELEMENTS (KOHA)
Source of classification or shelving scheme Dewey Decimal Classification
Item type Book - Borrowing
Holdings
Withdrawn status Item status Source of classification or shelving scheme Damaged status Not for loan Vendor Home library Current library Shelving location Date acquired Source of acquisition Cost, normal purchase price Total Checkouts Full call number Barcode Date last seen Koha item type
    Dewey Decimal Classification     Alef-Baa Central Library Central Library Lower Floor 17/06/2009   150.00   004.03 KAJ 000016856 15/07/2025 Book - Borrowing